Vamos a leer y escribir en zapoteco : zapoteco de San Juan Guelavía Tlacolula, Oaxaca /

में बचाया:
ग्रंथसूची विवरण
मुख्य लेखक: Hernández, Pedro (autor)
अन्य लेखक: García López, Eliseo (autor) (autor), López Antonio, Joaquín (autor) (autor)
स्वरूप: पुस्तक
भाषा:स्पेनिश
प्रकाशित: México : Instituto Lingüístico de Verano, 1979
टैग: टैग जोड़ें
कोई टैग नहीं, इस रिकॉर्ड को टैग करने वाले पहले व्यक्ति बनें!

MARC

LEADER 00000nam^a2200000^a^4500
001 000423520
005 20250526000000.0
009 20260310122627.511
020 |a 968-31-0062-7 
037 |a Acervo ITESO - Biblioteca 
041 |a ESP 
091 |a FHM. 01213 
100 |a Hernández, Pedro  |e (autor) 
245 1 0 |a Vamos a leer y escribir en zapoteco :  |b zapoteco de San Juan Guelavía Tlacolula, Oaxaca / 
264 1 |a México :  |b Instituto Lingüístico de Verano,  |c 1979 
300 |a 65 p. ;  |c 20.5 cm. 
336 |a texto  |b txt  |2 rdacontenido 
337 |a sin mediación  |b n  |2 rdamedio 
338 |a volumen  |b nc  |2 rdasoporte 
649 |a XX 
700 |a García López, Eliseo  |e (autor) 
700 |a López Antonio, Joaquín  |e (autor) 
910 |a Fondo Hugo B. Margáin 
920 |a Impresos - Libros 
930 |a Libros Antiguos y Raros 
905 |a 126 
901 |a 0500304073  |b IT2  |c LRA  |i D111319  |u 20250526 
902 |a https://opac.biblio.iteso.mx/vufind/Record/000423520